00726nmm a2200229 a 4500003000900000005001700009008004100026040001300067100003800080245009800118250001200216260003600228300002500264600003800289600002100327650002600348650002500374650002900399650002100428650002100449650002600470AR-BaBNM20251128203322.0107019s1926 ||||||||||||||000 | spa|| cAR-BaBNM1 aLópez, Vicente Fideld1815-190310aHistoria de la Argentinabsu origen, su revolución y su desarrollo político hasta 1852. 7 a4ª ed. aBuenos AiresbLa Facultadc19260 a489 p.bil., láms.14aSan Martín, José Francisco de14aBelgrano, Manuel 4aCAMPANAS LIBERTADORAS 4aCAMPANA DE LOS ANDES 4aBATALLA DE CANCHA RAYADA 4aBATALLA DE MAIPU 4aCAMPANAS NAVALES 4aCAMPANAS AL ALTO PERU